|
|
|
|
| LEADER |
00000nam a2200000 a 4500 |
| 001 |
vtls009088598 |
| 003 |
SK-MaSNL |
| 005 |
20260302090012.0 |
| 008 |
240314 000 0 eng |
| 040 |
|
|
|a SNK
|b slo
|c SNK
|e AACR2
|
| 100 |
1 |
|
|a Schramm, Albert
|4 aut
|9 427410
|
| 245 |
1 |
4 |
|a Der Bilderschmuck der Frühdrucke
|b Die Drucker in Leipzig und Erfurt
|n Band XIII.
|c Albert Schramm
|
| 260 |
|
|
|a Leipzig
|b Karl W. Hiersemann
|c 1930
|
| 300 |
|
|
|a 67 s.
|
| 999 |
|
|
|c 1194797
|d 1196727
|
| 952 |
|
|
|a SNK
|b SNK
|y VYP
|7 0
|p 17A0654184
|o snkIA 800/13
|i snkZK 3191/86
|8 4
|3 rekatalogizácia
|0 0
|1 0
|4 0
|d 2007-08-22
|l 0
|r 2026-02-24 22:23:20
|w 2026-02-24
|